Top 10 des villes ayant les plus long réseau de métro. - Statistiques

Statistiques générales
  • Ce quiz a été pris 256 fois
  • Le résultat moyen est 8 sur 10
Statistiques - réponses
Pays Longueur Villes % Correct
Royaume-Uni 402 km Londres
97%
Espagne 288 km Madrid
97%
Etats-Unis 380 km New York
97%
Russie 379 km Moscou
96%
Chine 599 km Pékin
96%
Corée du Sud 331 km Séoul
89%
Inde 313 km Delhi
88%
Chine 644 km Shanghai
85%
Chine 391 km Canton
53%
Chine 378 km Nankin
9%
Aucun quiz correspondant
Distribution des résultats
% des personnes avec chaque résultat
Percentile par nombre de réponses
Votre historique - résultats
Vous n’avez pas pris ce quiz